KOHA-Header-6

Landscapes of the Mind (Record no. 7287)

000 -LEADER
fixed length control field 00247nam a2200109Ia 4500
100 ## - MAIN ENTRY--AUTHOR NAME
Personal name Salman Tarik
245 #0 - TITLE STATEMENT
Title Landscapes of the Mind
260 ## - PUBLICATION, DISTRIBUTION, ETC. (IMPRINT)
Place of publication UK
Name of publisher Oxford
Year of publication 1997
300 ## - PHYSICAL DESCRIPTION
Number of Pages 78
942 ## - ADDED ENTRY ELEMENTS (KOHA)
Koha item type Books
Holdings
Withdrawn status Lost status Collection code Permanent Location Current Location Shelving location Date acquired Full call number Accession Number Koha item type
    English Literature MAJU MAJU Shelf No.A15 2019-09-12 128.2 1092 English Literature

Powered by Koha